Las crónicas de Narnia. La última batalla
保存先:
| 第一著者: | |
|---|---|
| フォーマット: | 図書 |
| 言語: | スペイン語 |
| 出版事項: |
Barcelona, España:
Planeta, S.A.,
2005
|
| 版: | Primera edición |
| シリーズ: | Destino Infantil & Juvenil, 7
|
| 主題: | |
| タグ: |
タグ追加
タグなし, このレコードへの初めてのタグを付けませんか!
|
MARC
| LEADER | 00000nam a2200000 a 4500 | ||
|---|---|---|---|
| 001 | UCG3655 | ||
| 003 | CL-VaPUC | ||
| 005 | 20220616110105.0 | ||
| 008 | 100909e20040000CL |||||||||||||||||spa|d | ||
| 999 | |c 435606 |d 435604 | ||
| 020 | |a 84-08-06000-7 | ||
| 040 | |c Pontificia Universidad Católica de Valparaíso | ||
| 082 | 0 | 4 | |a 823 LEW 2005 |2 21 |
| 100 | |a Lewis, C. S |e autor |9 328236 | ||
| 245 | 1 | 4 | |a Las crónicas de Narnia. |b La última batalla |
| 250 | |a Primera edición | ||
| 260 | |a Barcelona, España: |b Planeta, S.A., |c 2005 | ||
| 300 | |a 260 páginas | ||
| 490 | |a Destino Infantil & Juvenil, 7 | ||
| 500 | |a c1. Donación Biblioteca Curauma. Recibido en GC 19/4/22 | ||
| 583 | |a last modification |c 20100909 00:00:00 |k Catalogador Asistente | ||
| 650 | 0 | |a Literatura inglesa |9 312907 | |
| 650 | 0 | |a Novelas inglesas |9 265220 | |
| 650 | 0 | |a Literatura infantil |9 307465 | |
| 650 | 0 | |a Escritores ingleses |9 389424 | |
| 942 | |c BK |2 ddc | ||
| 945 | |d 20100909 00:00:00 |a mfarfan | ||
| 952 | |0 0 |1 0 |2 ddc |4 0 |6 823_000000000000000_LEW_2005 |7 0 |8 A |9 583059 |a BIBCUR |b BIBCUR |c GEN |d 2022-05-13 |e Donación |i 5651211 |l 2 |o 823 LEW 2005 |p 5651211 |r 2025-04-22 |s 2025-03-20 |t 1 |w 2022-05-13 |y BK |k CAC | ||